Biggest North American "P" Cities by Picture - Statistics

General Stats
  • This quiz has been taken 39 times
  • The average score is 8 of 16
Answer Stats
Picture Hint Answer % Correct
🇺🇸 1 550 000 Philadelphia
100%
🇺🇸 300 000 Pittsburgh
94%
🇵🇦 430 000 Panama City
81%
🇺🇸 1 650 000 Phoenix
81%
🇺🇸 630 000 Portland
75%
🇭🇹 880 000 Port-au-Prince
69%
🇲🇽 1 540 000 {Puebla} (Heróica {Puebla} de Zaragoza)
69%
🇲🇽 300 000 {Playa} del Carmen
59%
🇲🇽 220 000 Puerto {Vallarta}
47%
🇺🇸 290 000 Plano
44%
🇺🇸 190 000 Providence
41%
🇺🇸 200 000 Peoria
22%
🇺🇸 190 000 Paradise
19%
🇺🇸 250 000 Port St. Lucie
9%
🇲🇽 300 000 Pachuca
0%
🇭🇹 270 000 Pétion-Ville
0%
No matching quizzes found
Score Distribution
Percent of People with Each Score
Percentile by Number Answered
Your Score History
You have not taken this quiz